000 00786nam a2200253Ia 4500
003 OSt
005 20220923222236.0
006 a|||||r|||| 00| 0
007 ta
008 220922b |||||||| |||| 00| 0 hin d
024 _a203,929
037 _cTextual
040 _aARTS
_cARTS
_bhin
041 _2hin
_ahin
082 _aO158,1M68w, 152K8;M7
100 _aबरुआ, हेम
245 0 _aलक्ष्मीनाथ बेजबरुआ
246 _aLakṣhmīnāth bejabaruā
260 _aदिल्ली
_b साहित्य अकादमी
_c1987
300 _a71पृ.
_ccm.
650 _aअसमी कहानी
942 _hO158,1M68w, 152K8;M7
_cTEXL
_2CC
999 _c354679
_d354679